000 00942nam a2200241Ia 4500
003 Ost
005 20260507075551.0
008 260507s9999||||xx |||||||||||||| ||und||
020 _a9961009738
040 _cfsecg
041 _aara
082 _a342.06
100 _aحجري، فؤاد
_eمؤلف
245 0 _aالبيئة والأمن /
_c فؤاد حجري
260 _aالجزائر:
_bديوان المطبوعات الجامعية,
_c2006
300 _a533 صفحة؛
_c22 سم
490 _aسلسلة القوانين الادارية
520 _aيعتبر هذا الكتاب جزء من سلسلة القوانين الإدارية يحمل مجموعة من القوانين الخاصة بقانون البيئة والأمن
653 _aالبيئة- قوانين وتشريعات
653 _aالقانون الاداري
700 _aبن بلة ، أحمد
_eمؤلف ثانوي
942 _cكتاب
999 _c44918
_d44918